000
00285nam a22001097a 4500
082
_a
721.2
_b
HOW
_c
L-14, P-18
100
_a
HOW
_9
45779
245
_a
How to Build Walks, Walls & Patio Floors
300
_a
p 96
_b
ill
_c
28cm
526
_a
0
_b
0
_c
0
_d
721_200000000000000_HOW
942
_2
ddc
_c
BK
999
_c
549233
_d
549233